Nakladanie s komunálnym odpadom v meste Michalovce
Úroveň nakladania s komunálnym odpadom v meste Michalovce. Slovenská republika má do roku 2020 dosiahnuť 50 % úroveň materiálneho zhodnocovania komunálneho odpadu. Dosiahnutie tohto cieľa do značnej miery závisí od organizovaného systému nakladania s odpadom a úspešnosti triedenia komunálneho odpadu...
Na minha lista:
| Autor principal: | |
|---|---|
| Formato: | Capítulo de Livro |
| Idioma: | eslovaco |
| Assuntos: | |
| Tags: |
Sem tags, seja o primeiro a adicionar uma tag!
|
MARC
| LEADER | 00000naa$a2200000$$$4500 | ||
|---|---|---|---|
| 001 | 0269313 | ||
| 005 | 20240502074223.3 | ||
| 041 | 0 | |a slo | |
| 044 | |a SK | ||
| 245 | 1 | 0 | |a Nakladanie s komunálnym odpadom v meste Michalovce |c Michal Stričík |
| 520 | |a Úroveň nakladania s komunálnym odpadom v meste Michalovce. Slovenská republika má do roku 2020 dosiahnuť 50 % úroveň materiálneho zhodnocovania komunálneho odpadu. Dosiahnutie tohto cieľa do značnej miery závisí od organizovaného systému nakladania s odpadom a úspešnosti triedenia komunálneho odpadu v jednotlivých samosprávach. V meste Michalovce bola v roku 2018 dosiahnutá takmer 22 % úroveň triedenia komunálneho odpadu. Odpadové hospodárstvo v meste Michalovce v rokoch 2016 až 2018. | ||
| 610 | 2 | 0 | |a odpad komunálny |
| 610 | 2 | 0 | |a recyklácia odpadu |
| 610 | 2 | 0 | |a spracovanie odpadu |
| 610 | 2 | 0 | |a hospodárstvo odpadové |
| 610 | 2 | 0 | |a Slovensko |
| 100 | 1 | |a Stričík, Michal, 1969- | |